ARRUPE JESUIT UNIVERSITY

CORONAVIRUS -STOP THE SPREAD - CLEAN,DISINFECT,COVER
Normal view MARC view

Entry Topical Term

Number of records used in: 1

001 - CONTROL NUMBER

  • control field: 28348

003 - CONTROL NUMBER IDENTIFIER

  • control field: ARRUPE

005 - DATE AND TIME OF LATEST TRANSACTION

  • control field: 20170113151706.0

008 - FIXED-LENGTH DATA ELEMENTS

  • fixed length control field: 170113|| aca||aabn | a|a d

040 ## - CATALOGING SOURCE

  • Original cataloging agency: ARRUPE
  • Transcribing agency: ARRUPE

150 ## - HEADING--TOPICAL TERM

  • Topical term or geographic name as entry element:
  • Topical term following geographic name as entry element: Great Britain --Foreign relations --1945-1964 World War, 1939-1945 --Great Britain

670 ## - SOURCE DATA FOUND

  • Source citation: Work cat.: (ARRUPE)14347: Fitzmyer, Joseph A 28345, Romans, 1964

 

Arrupe Library. PO Box MP320 Mt Pleasant, Harare, Zimbabwe
263 242 745411|librarian@aju.ac.zw